Ricostruisci la Carriera del Calciatore - Ander Herrera - Statistics

Statistiche generali
  • Questo quiz è stato fatto 12 volte
  • Il punteggio medio è 4 su 5
Statistiche sulle risposte
Hint Risposta % Corretto
2011-2014 Athletic Bilbao
88%
2019-2022 Paris Saint-Germain
75%
2022- Athletic Bilbao
63%
2014-2019 Manchester Utd
63%
2008-2011 Real Saragozza
63%
Nessun quiz corrispondente trovato
Distribuzione punteggi
Percentuale di utenti per punteggio
Percentile per numero di risposta
I tuoi punteggi nel tempo
Non hai fatto questo quiz